ნორმალური ფორმატი
MARC ფორმატი
ჩანაწერი Personal Name
ჩანაწერთა რაოდენობა, რომელიც გამოყენებულია: 1
001 - CONTROL NUMBER
- control field: 4016
003 - CONTROL NUMBER IDENTIFIER
- control field: GE_BSU
005 - DATE AND TIME OF LATEST TRANSACTION
- control field: 20190916115717.0
008 - FIXED-LENGTH DATA ELEMENTS
- fixed length control field: 190916|| aca||aabn | a|a d
040 ## - CATALOGING SOURCE
- Original cataloging agency: GE_BSU
- Transcribing agency: GE_BSU
100 ## - HEADING--PERSONAL NAME
- Personal name: კუტუბიძე , ნესტან
- Titles and other words associated with a name: მთავარი რედაქტორი
670 ## - SOURCE DATA FOUND
- Source citation: Work cat.: (GE_BSU): აკაკი წერეთლის სახელმწიფო უნივერსიტეტის მოამბე = Bulletin of Akaki Tsereteli state University, 2018.
